00923nam a2200253 a 450000100060000000300080000600500170001400800410003103500190007204000350009104100080012608200260013410000360016024501360019626000420033230000210037450000190039560000350041465000220044970000280047194200120049999900170051195201410052864765BD-RjUL20211209081340.0170220s1937 enk 001 0 eng d a(BD-RjUL)64895 aBD-RjULbengcBD-RjULdBD-RjUL aeng 223a330.153bSMI 19371 aSmith, Adamd1723-1790.917711213aAn Inquiry into the nature and causes of the wealth of nations /cAdam Smith and edited with an introduction, notes by Edwin Cannan aNew York :bThe modern library,c1937 a976 p. ;c22 cm. aIncludes index aSmith, AdamxEconomics9192022 aEconomics9170576 aCannan, Edwin 9192021 2ddccBK c64765d64765 00102ddc40718NFICaRUCLbRUCLcReadingd1965-09-29eZeitlingerg24.00l0o330.153 SMI 1937r2017-02-20 00:00:00tC-1w2017-02-20yBK